000 00428nam a22001217a 4500
999 _c21335
_d21335
008 240905b ||||| |||| 00| 0 eng d
100 _aOmelan, Hope O.
_eauthor.
_960209
245 _aReading in MCES (jazz chants) /
_cHope O. Omelan.
260 _aPhilippines;
_bPublishers Association of the Philippines, Inc.,
_cJuly 2019.
300 _aVolume 168, pages 49.
700 _aOmelan, Hope O.
_eauthor.
_960209
942 _2ddc
_cPER